Sports Quiz

Random Sports Quiz

Squaw Valley Ski Lifts Quiz Stats

 Plays Quiz not verified by Sporcle

Challenge
Share
Tweet
Embed
Score 0/24 Timer 10:00
0 Plays Today
Type of Lift Name of Lift % Correct
High Speed SixGold Coast
100%
DoubleBroken Arrow
87.5%
DoubleBelmont
87.5%
TripleBailey's Beach
87.5%
TripleGranite Chief
87.5%
High Speed QuadKT-22
87.5%
High Speed QuadSquaw One
87.5%
High Speed SixHeadwall
87.5%
High Speed SixBig Blue
87.5%
High Speed SixShirley Lake
87.5%
DoubleOlympic Lady
75%
TripleSquaw Creek
75%
Type of Lift Name of Lift % Correct
TripleRed Dog
75%
TripleEmigrant
75%
TripleSilverado
75%
QuadExhibition
75%
High Speed SixSiberia
75%
Funitel 28Funitel
75%
TripleSolitude
62.5%
High Speed SixFar East
62.5%
Tram 120Aerial Tram
50%
Rope TowThe Pulley
37.5%
TripleFirst Venture
25%
TripleMountain Meadow
25%

You're not logged in!

Compare scores with friends on all Sporcle quizzes.
Join for Free
OR
Log In

You Might Also Like...

Show Comments

Extras

Created Jun 11, 2016ReportNominate
Tags:California, lift, skiing

Top Quizzes Today


Score Distribution

Your Account Isn't Verified!

In order to create a playlist on Sporcle, you need to verify the email address you used during registration. Go to your Sporcle Settings to finish the process.

Report this User

Report this user for behavior that violates our Community Guidelines.

Details: